| 000 | 00830nam a2200229Ia 4500 | ||
|---|---|---|---|
| 001 | 65489 | ||
| 003 | OSt | ||
| 005 | 20260520165418.0 | ||
| 008 | 150403s9999 xx 000 0 und d | ||
| 040 | _cPK-LaUMT | ||
| 082 |
_a 348.5491 _bADA- |
||
| 100 |
_aArshad Durrao _911938 |
||
| 245 |
_aعدالت عظمی سے چیئرمین ذوالفقار علی بھٹو کی تاریخی خطاب / _cارشد دراو |
||
| 246 | _aAdalat-e-uzma se chairman Zulfiqar Ali Bhutto ki tareekhi khatab | ||
| 260 |
_aLahore : _bJamiat Publications, _c2011 |
||
| 300 | _a134 p. | ||
| 520 | _aZulfikar Ali Bhutto speeches in the Supreme Court of Pakistan during his trial from 18-21 December, 1978 | ||
| 546 | _aUR | ||
| 650 | _2Bhutto, Zulfikar Ali, 1928-1979 | ||
| 650 | _2Pakistan-Politics and government-1971-1988 | ||
| 942 |
_cBK _2ddc |
||
| 999 |
_c68805 _d68805 |
||